| 000 | 00694cab a2200253 4500 | ||
|---|---|---|---|
| 001 | X98898 | ||
| 008 | 090401t1999 xxu||||| |||| 00| 0 eng d | ||
| 035 | _a(Sirsi) u93644 | ||
| 041 | _aeng | ||
| 245 | _aEnvironmental assessment | ||
| 260 | _c1999 | ||
| 350 | _a0 | ||
| 490 |
_aEstates Gazette _v[1999] EGCS 70 (22/05/99) |
||
| 650 | _aBUSINESS PARKS | ||
| 650 | _aENVIRONMENTAL IMPACT ASSESSMENTS | ||
| 650 | _aENVIRONMENTAL ASSESSMENTS | ||
| 650 | _aENVIRONMENTAL IMPACT ASSESSMENTS | ||
| 650 | _aINFORMATION | ||
| 650 | _aPLANNING PERMISSION | ||
| 650 | _aR V ROCHDALE MBC EX P MILNE AND OTHERS | ||
| 690 | _aPLANNING LAW AND PRACTICE | ||
| 942 | _n0 | ||
| 948 | _c28/05/1999 | ||
| 999 |
_c59352 _d59352 |
||